Paroles de la ligue des champions - Statistiques

Statistiques générales
  • Ce quiz a été pris 95 fois
  • Le résultat moyen est 31 sur 59
Statistiques - réponses
Hint Réponse % Correct
F Les
94%
F les
94%
F Les
94%
F les
94%
F Les
94%
R Champions
89%
R Champions
89%
R Champions
89%
R Champions
89%
R the
87%
R The
87%
R The
87%
R the
87%
R The
87%
F Sont
84%
F Sont
84%
F Meilleurs
81%
F Meilleurs
81%
F Ils
72%
F Ce
70%
F Équipes
59%
F Équipes
59%
F Équipes
59%
F Équipes
59%
A Die
58%
A Die
58%
A Die
58%
A Die
58%
A Die
58%
A Die
58%
A Die
58%
A Die
58%
R Are
55%
A Besten
53%
A besten
53%
A Besten
53%
A Besten
53%
F Grande
37%
A Sie
36%
A Sie
36%
A Sind
34%
A Sind
34%
F Grandes
29%
F Grandes
29%
F Grandes
29%
A Meister
29%
A Meister
29%
A Meister
29%
R these
16%
F Une
13%
A Mannschaften
7%
F Réunion
5%
R Event
4%
R Main
4%
A Allerbesten
2%
A Eine
2%
A sportliche
2%
A grobe
1%
A Veranstaltung
1%
Aucun quiz correspondant
Distribution des résultats
% des personnes avec chaque résultat
Percentile par nombre de réponses
Votre historique - résultats
Vous n’avez pas pris ce quiz